000 00523cam a2200205ua 4500
001 10911
005 20260515114658.0
008 190624n ii |||gr||||Z||||||asm
040 _cMAIN
041 _aasm
082 _a491.45103
100 _aSantanu Kausik Baruah,
_eAuthor.
245 _aSoingya abhidhan
_cBy Santanu Kausik Baruah
250 _a2nd ed.
260 _aGuwahati:
_bJyoti prakashan,
_c2011.
300 _a400p.
653 _aMulti disciplinary dictionary
653 _aAssamese dictionary
942 _cBK
999 _c9857
_d9857